000 00462nam a2200181Ia 4500
005 20250326130057.0
008 250326s9999 xx 000 0 und d
037 _aTextbook
040 _aFMSL
_beng
_cFMSL
041 _aeng
_2eng
084 _aS L2
_qFMSL
100 _aMunn N L
245 0 _aIntroducation to psychology
_cMunn N L
260 _aLondon
_bLondon, Oxford
_c1972
300 _a736p
942 _cTB
_hS L2
999 _c1280815
_d1280815